00680nam a2200241 a 4500001001300000003000900013005001700022008004100039020001000080082001500090100002700105245002200132260003600154300000800190500003500198505001300233650002000246700002700266902000800293942000700301952011500308999001500423nice12345678IN_TiNIC20260116011948.0050524s1958 dela grp 000 0 urd  ac10000a297.8bHUS aHussaini, Khaleelullah aHind Ke Musalmaan aDelhibAastana Book Depotc1958 a39p aincludes index and biblioraphy2 aarchives aTameer-E-Millat1 aHussaini, Khaleelullah bSRS cBK 001040708StackRoom-aHMIbHMId2007-07-13g100.00l0o297.8 HUSp06389r2007-07-13v100.00w2005-05-24yBK c5075d5075